000 00473nam a2200193Ia 4500
001 61391
008 141120s9999 xx 000 0 und d
020 _a9780393912838
040 _cPK-LaUMT
082 _a 155.82
_bHEI-C
100 _aHeine, Steven J.
245 _aCultural psychology
_cHeine, Steven J.
250 _a2nd
260 _aNew York,USA:
_bW. W. Norton & Company,
_c2012
300 _a567 p.
546 _aEN
650 _aEthnopsychology
942 _cBK
999 _c61842
_d61842